Bellway Urban Renewal Southern v Gillespie (Record no. 72484)

MARC details
000 -LEADER
fixed length control field 01904cam a2200253 4500
001 - CONTROL NUMBER
control field ABS66624
008 - FIXED-LENGTH DATA ELEMENTS--GENERAL INFORMATION
fixed length control field 030410n2003 000 0 eng u
035 ## - SYSTEM CONTROL NUMBER
System control number (Sirsi) u121960
245 ## - TITLE STATEMENT
Title Bellway Urban Renewal Southern v Gillespie
260 ## - PUBLICATION, DISTRIBUTION, ETC.
Date of publication, distribution, etc. 2003
490 ## - SERIES STATEMENT
Series statement Estates Gazette Case Summaries
Volume/sequential designation [2003] 14 EG 123 (CS) (1)
490 ## - SERIES STATEMENT
Series statement Journal of Planning and Environment Law
Volume/sequential designation [2003] JPL 1287-1309(23)
520 ## - SUMMARY, ETC.
Summary, etc. [2003] EWCA Civ 400, 27 March 2003. Appeal by B against the judge's decision to quash planning permission granted by the SoS for a residential development on a contaminated former gasworks site. The SoS decided an environmental impact assessment (EIA) was not necessary because proposed remediation measures would prevent significant environmental effects. When respondent G appealed the judge quashed the permission on the basis that an EIA was required before planning permission was granted. B appealed. "Held": appeal dismissed. The SoS had erred in assuming that proposed remediation measures provided a complete solution to the question of whether environmental effects were likely. For High Court decision, "Gillespie v SoS Environment and another" see Abs66546. View judgment at www.courtservice.gov.uk.
590 ## - LOCAL NOTE (RLIN)
Local note ABS
650 ## - SUBJECT ADDED ENTRY--TOPICAL TERM
Topical term or geographic name entry element ENVIRONMENTAL IMPACT ASSESSMENTS
650 ## - SUBJECT ADDED ENTRY--TOPICAL TERM
Topical term or geographic name entry element REMEDIATION TREATMENTS
650 ## - SUBJECT ADDED ENTRY--TOPICAL TERM
Topical term or geographic name entry element BELLWAY URBAN RENEWAL SOUTHERN V GILLESPIE
650 ## - SUBJECT ADDED ENTRY--TOPICAL TERM
Topical term or geographic name entry element TOWN AND COUNTRY PLANNING (ASSESSMENT OF ENVIRONMENTAL EFFECTS) REGULATIONS 1988
650 ## - SUBJECT ADDED ENTRY--TOPICAL TERM
Topical term or geographic name entry element TOWN AND COUNTRY PLANNING ACT 1990
650 ## - SUBJECT ADDED ENTRY--TOPICAL TERM
Topical term or geographic name entry element ENVIRONMENTAL EFFECTS
690 ## - LOCAL SUBJECT ADDED ENTRY--TOPICAL TERM (OCLC, RLIN)
Topical term or geographic name as entry element ENVIRONMENTAL AND LAND CONSULTANCY-PLANNING AND DEVELOPMENT
856 ## - ELECTRONIC LOCATION AND ACCESS
Uniform Resource Identifier <a href="https://www.bailii.org/cgi-bin/markup.cgi?doc=/ew/cases/EWCA/Civ/2003/400.html&query=Bellway+and+Urban+and+Renewal+and+Southern+and+v+and+Gillespie&method=boolean">https://www.bailii.org/cgi-bin/markup.cgi?doc=/ew/cases/EWCA/Civ/2003/400.html&query=Bellway+and+Urban+and+Renewal+and+Southern+and+v+and+Gillespie&method=boolean</a>
Public note View the judgment free of charge at www.bailii.org
942 ## - ADDED ENTRY ELEMENTS (KOHA)
Suppress in OPAC 0
Holdings
Withdrawn status Lost status Source of classification or shelving scheme Damaged status Not for loan Home library Current library Shelving location Date acquired Total Checkouts Full call number Barcode Date last seen Copy number Price effective from Koha item type
    Dewey Decimal Classification     London London Journal article 10/04/2003   ABS66624 121960-1001 06/08/2019 1 06/08/2019 Law report